000 01391cam a2200385 a 4500
001 13558
003 BD-RjUL
005 20211208235455.0
008 140201s1991 nyu 000 1 eng
020 _a0394577736 :
035 _a(BD-RjUL)13610
040 _aDLC
_cDLC
_dDLC
_dOCoLC
_dDLC
_dBD-RjUL
_beng
041 _aeng
082 0 0 _a813.54
_220
_bSMT 1991
100 1 _aSmiley, Jane.
_942367
245 1 2 _aA thousand acres /
_cJane Smiley.
250 _a1st ed.
260 _aNew York :
_bKnopf :
_bDistributed by Random House,
_c1991.
300 _a371 p. ;
_c24 cm.
650 0 _aInheritance and succession
_vFiction.
_942368
650 0 _aParent and adult child
_vFiction.
_942369
650 0 _aFathers and daughters
_vFiction.
_942370
650 0 _aAging parents
_vFiction.
_942371
650 0 _aFamily farms
_vFiction.
_942372
650 0 _aFarm life
_vFiction.
_942183
650 0 _aSisters
_vFiction.
_942373
651 0 _aIowa
_vFiction.
_942374
655 7 _aDomestic fiction.
_2lcsh
_942376
856 4 1 _3Sample text
_uhttp://www.loc.gov/catdir/samples/random041/91052720.html
856 4 2 _3Publisher description
_uhttp://www.loc.gov/catdir/description/random041/91052720.html
856 4 2 _3Contributor biographical information
_uhttp://www.loc.gov/catdir/enhancements/fy0703/91052720-b.html
942 _2ddc
_cBK
999 _c13558
_d13558